00500nam a2200193 a 4500001001300000003000900013005001700022008004100039020001000080082001600090100002200106245004000128260003500168300000900203500003500212505001500247650002200262700002200284nice12345678IN_TiNIC20260116015135.0050524s1997 illa grp 000 0 eng  ac10000a269.2bCOL2 aColeman, Robert E aMaster`s Way of Personal Evangelism aIllinoisbCrossway Booksc1997 a161p aincludes index and biblioraphy2 aConclusion aEvangelistic Work1 aColeman, Robert E